General Knowledge Quiz #171 - Statistics

General Stats
  • This quiz has been taken 77,995 times
    36,120 since last reset
  • The average score is 12 of 20
Answer Stats
Question Answer % Correct
What country has 2.3 popes per square kilometer? Vatican City
95%
What does the symbol represent? Infinity
93%
What bird's pink feathers are caused by the beta-Carotene in their diet of brine shrimp and algae? Flamingo
90%
Which Disney movie had a princess named Belle? Beauty and the Beast
83%
On a Windows computer, what does Ctrl+V do? Paste
82%
If flora are plants, what are animals? Fauna
79%
What does a flatulent person do? Fart
75%
What prefix can come before brow, cycle, and sex? Uni
73%
What group of treaties give rights to prisoners of war, injured soldiers, and civilian non-combatants? {Geneva} Conventions
70%
What auto company started in 1937 as a project of the Nazi government? Volkswagen
67%
What is the largest company in Japan by revenue? Toyota
65%
What slippery synthetic material is often used as a coating on non-stick cookware? Teflon
58%
What medical condition occurs when a part of the body freezes? Frostbite
56%
What is the specific gravity of water at standard temperature and pressure? 1
54%
What actor had his chest hair waxed for real in the movie "The 40-Year-Old Virgin"? Steve Carell
49%
Which English king fought in the Third Crusade? Richard I
43%
Which European country is almost completely deforested, with forests covering just 0.4% of its land area? Iceland
32%
What is the term for cargo that has been thrown overboard from a ship? (hint: not flotsam) Jetsam
31%
Squids and octopuses are cephalopods. Name one of the other two kinds of cephalopods. Cuttlefish / Nautiluses
25%
What three letter word means "a loud noise; a cacophony"? Din
21%
No matching quizzes found
Score Distribution
Percent of People with Each Score
Percentile by Number Answered
Your Score History
You have not taken this quiz since the last reset